[Event "Budapest op"]
[Site "Budapest"]
[Date "1991.??.??"]
[Round "?"]
[White "Rocher, Olivier"]
[Black "Strausz, Janos"]
[Result "1/2-1/2"]
[WhiteElo "2260"]
[BlackElo "2315"]
[PlyCount "85"]
[EventDate "1991.??.??"]
[EventType "swiss"]
[EventRounds "9"]
[EventCountry "HUN"]
[SourceTitle "EXT 2004"]
[Source "ChessBase"]
[SourceDate "2003.11.25"]
[SourceVersion "1"]
[SourceVersionDate "2003.11.25"]
[SourceQuality "1"]

1. d4 d5 2. c4 c6 3. cxd5 cxd5 4. Nf3 Nf6 5. Nc3 Nc6 6. Bf4 Bf5 7. e3 e6 8. Bb5 Nd7 9. Qa4 Qb6 10. Ne5 Ndxe5 11. Bxe5 Rc8 12. Rc1 a6 13. Bxc6+ bxc6 14. 0-0 Bd3 15. Rfd1 Bc4 16. Qc2 a5 17. Na4 Qb7 18. b3 Ba6 19. Nc5 Qb6 20. f3 f6 21. Bg3 Kf7 22. Be1 Be7 23. Qd2 Qb5 24. Nxa6 Qxa6 25. Qxa5 Qxa5 26. Bxa5 Ra8 27. b4 Rhc8 28. Rd3 Ke8 29. a3 Ra6 30. e4 Kd7 31. Kf2 Rca8 32. Rdc3 Bd6 33. g3 Bc7 34. R1c2 Rc8 35. Re2 Bd6 36. Kg2 Rca8 37. exd5 exd5 38. Rce3 Rc8 39. g4 h6 40. h3 Rca8 41. f4 Rf8 42. f5 Rfa8 43. Re6 1/2-1/2

[Event "FRA-chT 8788"]
[Site "France"]
[Date "1988.04.27"]
[Round "10"]
[White "Rocher, Olivier"]
[Black "Kirszenberg, Marc"]
[Result "1-0"]
[WhiteElo "2275"]
[BlackElo "2245"]
[PlyCount "49"]
[EventDate "1987.10.24"]
[EventType "team-match"]
[EventRounds "11"]
[EventCountry "FRA"]
[SourceTitle "EXT 2002"]
[Source "ChessBase"]
[SourceDate "2001.11.25"]
[SourceVersion "1"]
[SourceVersionDate "2001.11.25"]
[SourceQuality "1"]
[WhiteTeam "Strasbourg"]
[BlackTeam "Chess Max Center"]
[WhiteTeamCountry "FRA"]
[BlackTeamCountry "FRA"]

1. d4 d5 2. c4 c6 3. e3 Nf6 4. Nf3 g6 5. b3 Bg7 6. Bb2 0-0 7. Nbd2 Ne4 8. Nxe4 dxe4 9. Nd2 f5 10. Qc2 Nd7 11. g4 e5 12. gxf5 exd4 13. fxg6 d3 14. gxh7+ Kxh7 15. Bxd3 exd3 16. Qxd3+ Kg8 17. Bxg7 Kxg7 18. Rg1+ Kf7 19. Qg6+ Ke7 20. 0-0-0 Qa5 21. Ne4 Nf6 22. Rg5 Qxa2 23. Re5+ Be6 24. Rxe6+ Kxe6 25. Nc5+ 1-0